U.S. States with the Most National Park Visitors - Statistics

General Stats
  • This quiz has been taken 35 times
  • The average score is 9 of 12
Answer Stats
# Annual Visitors U.S. State % Correct
11,321,46 California (Channel Islands, Death Valley, Joshua Tree, Kings Canyon, Lassen Volcanic, Pinnacles, Redwoods, Sequoia, Yosemite)
100%
10,892,609 Utah (Arches, Bryce Canyon, Canyonlands, Capitol Reef, Zion)
100%
6,259,546 Arizona (Grand Canyon, Petrified Forest, Saguaro)
97%
7,783,295 Wyoming (Grand Teton, Yellowstone [vast majority of visitation])
97%
5,595,999 Colorado (Black Canyon, Great Sand Dunes, Mesa Verde, Rocky Mountain)
90%
3,685,486 Montana (Glacier, Yellowstone [partial])
90%
4,627,066 Washington (Mt. Rainier, North Cascades, Olympic)
90%
3,970,227 Maine (Acadia)
79%
7,888,299 / 5,258,866 Tennessee (~ 7,888,299) / North Carolina (~ 5,258,866) (Great Smoky Mountains - split between states)
79%
2,815,275 Ohio (Cuyahoga)
52%
2,443,449 Arkansas (Hot Springs)
41%
2,870,622 Indiana (Indiana Dunes)
34%
No matching quizzes found
Score Distribution
Percent of People with Each Score
Percentile by Number Answered
Your Score History
You have not taken this quiz